| 000 | 00501nam a22002057a 4500 | ||
|---|---|---|---|
| 005 | 20250207162713.0 | ||
| 008 | 220316b2000 xxu||||| |||| 00| 0 spa d | ||
| 020 | _a8483321467 | ||
| 041 | _aESP | ||
| 082 | _aR 413.1 D545d3 | ||
| 245 | _aDiccionario esencial de sinónimos y antónimos | ||
| 250 | _a3 Edición | ||
| 260 | _aEspaña | ||
| 260 | _bBibliograf | ||
| 260 | _c2000 | ||
| 300 | _a390 páginas | ||
| 650 | _aDICCIONARIOS | ||
| 650 | _aSINÓNIMOS Y ANTÓNIMOS | ||
| 942 |
_cREF _2ddc |
||
| 999 |
_c13261 _d13261 |
||